[Event "4NCL Division 3 South"]
[Site "Milton Keynes, ENG"]
[Date "2022.03.27"]
[Round "6.93"]
[White "Taylor, Alistair"]
[Black "Williamson, Kevin J"]
[Result "1/2-1/2"]
[WhiteElo "1637"]
[BlackElo "1884"]
[PlyCount "80"]
[EventDate "2022.03.27"]
[WhiteTeam "Watford A"]
[BlackTeam "MK Phoenix 2"]

1. e4 d5 2. exd5 Qxd5 3. Nc3 Qd6 4. d4 g6 5. Nf3 Bg7 6. Be3 Nf6 7. Qd2 O-O 8.
O-O-O a6 9. Bh6 b5 10. Bxg7 Kxg7 11. h4 b4 12. Ne2 Bb7 13. Ng3 Bxf3 14. gxf3
Nd5 15. h5 Qf4 16. Bc4 e6 17. Rdg1 Qxd2+ 18. Kxd2 Nf6 19. Ne4 Nbd7 20. Ng5 e5
21. Bd3 exd4 22. f4 Nc5 23. hxg6 hxg6 24. f5 Rh8 25. Rxh8 Rxh8 26. fxg6 fxg6
27. Bxg6 Kxg6 28. Ne4+ Kf5 29. Nxc5 Ne4+ 30. Nxe4 Kxe4 31. Rg4+ Kd5 32. Rg5+
Kc6 33. Kd3 Rf8 34. Ke2 Kb6 35. Rg4 c5 36. f4 c4 37. f5 Kc5 38. Rg5 Rf6 39. Rg6
Rxf5 40. Rxa6 Re5+ 1/2-1/2

[Event "4NCL Division 3 South"]
[Site "Milton Keynes, ENG"]
[Date "2022.03.27"]
[Round "6.94"]
[White "Whiteside, Robert"]
[Black "Ramesh, Karthik R"]
[Result "1-0"]
[WhiteElo "1811"]
[BlackElo "1553"]
[PlyCount "51"]
[EventDate "2022.03.27"]
[WhiteTeam "MK Phoenix 2"]
[BlackTeam "Watford A"]

1. e4 e6 2. d4 d5 3. Be3 dxe4 4. Nd2 f5 5. f3 exf3 6. Ngxf3 Nf6 7. Ne5 Nbd7 8.
Ndf3 Bd6 9. Bc4 b6 10. Nc6 Bb7 11. Nxd8 Rxd8 12. Bxe6 f4 13. Bf2 Ke7 14. Bxd7
Rxd7 15. O-O Kf7 16. c3 h6 17. Qb3+ Kg6 18. Ne5+ Bxe5 19. dxe5 Nd5 20. c4 Ne7
21. Rad1 Rxd1 22. Rxd1 Rf8 23. Rd7 Nc6 24. Qd3+ Kg5 25. Rxg7+ Kh5 26. Qf3# 1-0

[Event "4NCL Division 3 South"]
[Site "Milton Keynes, ENG"]
[Date "2022.03.27"]
[Round "6.95"]
[White "George, Seb"]
[Black "Obi, Marc On"]
[Result "1-0"]
[WhiteElo "1295"]
[BlackElo "1782"]
[PlyCount "115"]
[EventDate "2022.03.27"]
[WhiteTeam "Watford A"]
[BlackTeam "MK Phoenix 2"]

1. e4 d5 2. exd5 Qxd5 3. Nc3 Qa5 4. d4 Nf6 5. Nf3 c6 6. Bd3 Bg4 7. h3 Bh5 8.
O-O e6 9. Bf4 Bb4 10. a3 Bxc3 11. bxc3 O-O 12. Rb1 b5 13. g4 Bg6 14. Bxb8 Raxb8
15. Ne5 Rbc8 16. Bxg6 hxg6 17. Qf3 Qc7 18. c4 bxc4 19. Rb4 c5 20. Rxc4 Qd6 21.
Qb7 Rc7 22. Qb5 cxd4 23. Rd1 Rxc4 24. Nxc4 Qf4 25. Qe5 Qxe5 26. Nxe5 Rc8 27.
Rxd4 Nd5 28. Ra4 Rc7 29. Rc4 Rxc4 30. Nxc4 Kf8 31. Kg2 g5 32. Ne5 f6 33. Nc6 a6
34. Nb4 Nc7 35. Kf3 Ke7 36. Ke4 Kd6 37. c4 Kc5 38. Kd3 a5 39. Nc2 e5 40. Ne3
Ne6 41. Nd5 Nd4 42. Nc7 Nf3 43. Ne6+ Kd6 44. Nxg7 Ng1 45. Nf5+ Kc5 46. h4 Nh3
47. h5 Nf4+ 48. Kc3 a4 49. Ng3 Kd6 50. h6 Ke6 51. Kb4 Kf7 52. Kxa4 Kg6 53. Nf5
e4 54. c5 Nd3 55. c6 Nxf2 56. c7 Nxg4 57. c8=Q Nxh6 58. Nxh6 1-0

[Event "4NCL Division 3 South"]
[Site "Milton Keynes, ENG"]
[Date "2022.03.27"]
[Round "6.96"]
[White "Cox, Lucian"]
[Black "Keerthi Kumar, Advait"]
[Result "0-1"]
[WhiteElo "1113"]
[BlackElo "1369"]
[PlyCount "126"]
[EventDate "2022.03.27"]
[WhiteTeam "MK Phoenix 2"]
[BlackTeam "Watford A"]

1. e4 c5 2. d4 cxd4 3. c3 dxc3 4. Nxc3 Nc6 5. Nf3 g6 6. Bc4 Bg7 7. O-O e6 8.
Qe2 Nge7 9. Rd1 O-O 10. Ng5 Re8 11. Qf3 Ne5 12. Qh3 Nxc4 13. Qxh7+ Kf8 14.
Nxe6+ dxe6 15. Bh6 Bxh6 16. Qxh6+ Kg8 17. Rxd8 Rxd8 18. b3 Ne5 19. f4 N5c6 20.
g4 Rd4 21. Kh1 b6 22. f5 exf5 23. gxf5 Bb7 24. f6 Nf5 25. exf5 Ne7+ 26. Kg1
Nxf5 27. Qh3 Re8 28. Nd1 Re1+ 29. Kf2 Rexd1 30. Rxd1 Rxd1 31. Qc3 Rd6 32. Ke1
Bd5 33. Qc7 a5 34. Qc3 Re6+ 35. Kf2 Nd6 36. Qd4 Bb7 37. Kg1 Ne8 38. Qd7 Bc6 39.
Qd8 Bf3 40. Kf2 Bg4 41. Kg3 Bh5 42. Kh4 Kf8 43. Kg5 Rxf6 44. Qd4 Kg8 45. b4 Kh7
46. bxa5 Rf5+ 47. Kh4 bxa5 48. Qd7 Ng7 49. a4 Rf4+ 50. Kg3 Rf3+ 51. Kh4 f6 52.
Qxg7+ Kxg7 53. h3 g5+ 54. Kxh5 Rxh3+ 55. Kg4 Rh4+ 56. Kg3 f5 57. Kf3 f4 58. Ke4
Rh3 59. Kf5 f3 60. Kg4 f2 61. Kxg5 f1=Q 62. Kg4 Qf3+ 63. Kg5 Rh5# 0-1

[Event "4NCL Division 3 South"]
[Site "Milton Keynes, ENG"]
[Date "2022.03.27"]
[Round "6.101"]
[White "Franco, Gaston"]
[Black "Bharat Kumar, Balahari"]
[Result "1-0"]
[WhiteElo "2039"]
[BlackElo "1799"]
[PlyCount "61"]
[EventDate "2022.03.27"]
[WhiteTeam "Celtic Tigers 2"]
[BlackTeam "Barnet Knights C"]

1. e4 c5 2. Nf3 d6 3. d4 cxd4 4. Nxd4 Nf6 5. Nc3 a6 6. Bc4 e6 7. Bb3 Nbd7 8.
O-O Nc5 9. Qe2 Nxb3 10. axb3 Be7 11. Kh1 O-O 12. f4 Qc7 13. e5 dxe5 14. fxe5
Nd7 15. Bf4 Nb6 16. Ne4 Nd5 17. Bg3 Bd7 18. Nf6+ gxf6 19. exf6 e5 20. Bxe5 Bd6
21. Nf5 Bxf5 22. Rxf5 Kh8 23. c4 Bxe5 24. cxd5 Bd6 25. Rh5 Bf4 26. Qd3 h6 27.
d6 Qd7 28. Qd4 Qxd6 29. Qxd6 Bxd6 30. Rxh6+ Kg8 31. Ra4 1-0

[Event "4NCL Division 3 South"]
[Site "Milton Keynes, ENG"]
[Date "2022.03.27"]
[Round "6.102"]
[White "Abhishek, Pradhan"]
[Black "Kelmendi, Bajrush"]
[Result "1-0"]
[WhiteElo "1813"]
[BlackElo "2088"]
[PlyCount "107"]
[EventDate "2022.03.27"]
[WhiteTeam "Barnet Knights C"]
[BlackTeam "Celtic Tigers 2"]

1. d4 g6 2. c4 Bg7 3. Nc3 b6 4. e4 Bb7 5. Be3 e6 6. Bd3 Ne7 7. Nge2 d5 8. cxd5
exd5 9. e5 Nd7 10. O-O c5 11. f4 O-O 12. Rc1 a6 13. Qe1 cxd4 14. Nxd4 Nc5 15.
Bb1 Rc8 16. Qf2 f6 17. e6 f5 18. b4 Ne4 19. Bxe4 fxe4 20. Nce2 b5 21. g4 Qd6
22. a3 Rc4 23. Kg2 Kh8 24. h4 Bc8 25. f5 gxf5 26. Nxf5 Nxf5 27. gxf5 Bxe6 28.
Bc5 Rxc5 29. Qxc5 Qxc5 30. bxc5 Bxf5 31. Ng3 Bc8 32. Rxf8+ Bxf8 33. Nh5 Be7 34.
Kg3 e3 35. Nf4 d4 36. Nd5 Bd8 37. c6 Ba5 38. Kf3 Bd2 39. Rg1 Be6 40. Nf4 Bc8
41. Ke4 b4 42. axb4 Bxb4 43. Kxd4 Be7 44. h5 a5 45. Nd5 Bd6 46. Nxe3 a4 47. Nc4
Bc7 48. Kd5 Bf5 49. Nd6 Bxd6 50. Kxd6 h6 51. c7 a3 52. Ra1 Kg7 53. Rxa3 Kf6 54.
Rf3 1-0

[Event "4NCL Division 3 South"]
[Site "Milton Keynes, ENG"]
[Date "2022.03.27"]
[Round "6.103"]
[White "Sturt, Charles A"]
[Black "Bloom, Paul"]
[Result "1-0"]
[WhiteElo "1671"]
[BlackElo "1679"]
[PlyCount "45"]
[EventDate "2022.03.27"]
[WhiteTeam "Celtic Tigers 2"]
[BlackTeam "Barnet Knights C"]

1. e4 c5 2. d4 cxd4 3. Nf3 Nc6 4. c3 dxc3 5. Nxc3 g6 6. Bc4 Bg7 7. O-O Nf6 8.
Bf4 Nh5 9. Be3 O-O 10. Qd2 Re8 11. Ng5 Ne5 12. Bb3 h6 13. f4 e6 14. fxe5 hxg5
15. Bxg5 f6 16. exf6 Bxf6 17. Bxf6 Nxf6 18. Qh6 Kf7 19. e5 Rh8 20. Qg5 Kg7 21.
Rxf6 Qb6+ 22. Kh1 Rh6 23. Raf1 1-0

[Event "4NCL Division 3 South"]
[Site "Milton Keynes, ENG"]
[Date "2022.03.27"]
[Round "6.104"]
[White "Pang, Ethan"]
[Black "Burton, Abigail"]
[Result "1-0"]
[WhiteElo "1545"]
[BlackElo "1700"]
[PlyCount "61"]
[EventDate "2022.03.27"]
[WhiteTeam "Barnet Knights C"]
[BlackTeam "Celtic Tigers 2"]

1. e4 d6 2. d4 Nf6 3. Nc3 g6 4. Bg5 Bg7 5. Nf3 O-O 6. Qd2 Bg4 7. Be2 Nbd7 8. h3
Bxf3 9. Bxf3 c6 10. Bh6 e5 11. Bxg7 Kxg7 12. d5 Qc7 13. dxc6 bxc6 14. h4 h5 15.
Qg5 Qb6 16. O-O-O Rab8 17. Na4 Qb4 18. b3 Nb6 19. Nxb6 Rxb6 20. Kb1 Ra6 21. Qc1
Nxe4 22. Bxe4 Qxe4 23. Rxd6 Qxg2 24. Rg1 Qxf2 25. Qg5 Rg8 26. Qxe5+ Kh7 27. Rh1
Rb6 28. Rf6 Qd2 29. Rxf7+ Kh6 30. Rg1 Rb4 31. Rxg6+ 1-0

[Event "4NCL Division 3 South"]
[Site "Milton Keynes, ENG"]
[Date "2022.03.27"]
[Round "6.105"]
[White "Armitage, John"]
[Black "Agnihotri, Aaryan"]
[Result "0-1"]
[WhiteElo "1650"]
[BlackElo "1529"]
[PlyCount "28"]
[EventDate "2022.03.27"]
[WhiteTeam "Celtic Tigers 2"]
[BlackTeam "Barnet Knights C"]

1. e4 e5 2. Nf3 Nc6 3. Bc4 Nf6 4. Nc3 Nxe4 5. Nxe4 d5 6. Bd3 dxe4 7. Bxe4 Bd6
8. Bxc6+ bxc6 9. Qe2 O-O 10. O-O Qf6 11. d3 h6 12. Qe4 Bf5 13. Qxc6 e4 14. dxe4
Bxh2+ 0-1

[Event "4NCL Division 3 South"]
[Site "Milton Keynes, ENG"]
[Date "2022.03.27"]
[Round "6.106"]
[White "Smith, Henry"]
[Black "Perchard, Matthew"]
[Result "1/2-1/2"]
[WhiteElo "1396"]
[BlackElo "1500"]
[PlyCount "130"]
[EventDate "2022.03.27"]
[WhiteTeam "Barnet Knights C"]
[BlackTeam "Celtic Tigers 2"]

1. d4 d5 2. Nf3 Nf6 3. g3 Bf5 4. Bg2 e6 5. O-O c5 6. dxc5 Bxc5 7. c4 O-O 8. Bg5
Be4 9. Nc3 h6 10. Bxf6 Qxf6 11. cxd5 exd5 12. Nxd5 Bxd5 13. Qxd5 Qe7 14. Rac1
Na6 15. e3 Rad8 16. Qe5 b6 17. Qxe7 Bxe7 18. Nd4 Nc5 19. Nc6 Rd7 20. Rfd1 Rc7
21. b4 Ne6 22. Nxe7+ Rxe7 23. b5 Nc5 24. Bc6 g5 25. Rd6 Kg7 26. Rcd1 Re6 27.
Rxe6 fxe6 28. Kf1 e5 29. Ke2 Rf7 30. f3 Kf6 31. Rd6+ Kg7 32. Rd5 Re7 33. e4 Kf6
34. Rd6+ Re6 35. Rxe6+ Nxe6 36. Ke3 Ke7 37. Bd5 Nc7 38. Bc4 Kd6 39. a4 Ne8 40.
f4 Nf6 41. h3 Nh5 42. fxg5 hxg5 43. h4 gxh4 44. gxh4 Ke7 45. Kf3 Kf6 46. Kg4
Ng7 47. h5 Ne8 48. Bd3 Nd6 49. Bb1 Nf7 50. Ba2 Nd6 51. Bd5 Ne8 52. h6 Kg6 53.
h7 Nf6+ 54. Kf3 Nxh7 55. Ke3 Kf6 56. Kd3 Nf8 57. Kc4 Nd7 58. Bc6 Nc5 59. a5 Ke6
60. a6 Kd6 61. Bb7 Ne6 62. Kb4 Nc5 63. Kc4 Nd7 64. Bc8 Nf6 65. Bf5 Ne8 1/2-1/2

[Event "4NCL Division 3 South"]
[Site "Milton Keynes, ENG"]
[Date "2022.03.27"]
[Round "6.111"]
[White "Patel, Rishi"]
[Black "Finn, Daniel"]
[Result "1-0"]
[WhiteElo "1904"]
[BlackElo "1823"]
[PlyCount "99"]
[EventDate "2022.03.27"]
[WhiteTeam "Cambridge University 3"]
[BlackTeam "Sussex Martlets 3"]

1. e4 e5 2. Nf3 Nc6 3. Bc4 Bc5 4. c3 d6 5. O-O Bg4 6. d3 Nf6 7. a4 a6 8. Be3
O-O 9. b4 Ba7 10. h3 Bh5 11. Nbd2 h6 12. g4 Bg6 13. Nh4 Bh7 14. Ng2 Qe7 15. g5
hxg5 16. Bxg5 Nd8 17. Nf3 Qd7 18. Kh2 Ne6 19. Ngh4 Kh8 20. Qd2 Nh5 21. Rg1 Nef4
22. Bxf4 Nxf4 23. Rg3 b5 24. Bb3 Qe7 25. Ng5 Qf6 26. Rag1 Nh5 27. Rf3 Nf4 28.
Rg4 bxa4 29. Bc4 Qe7 30. Nxh7 Kxh7 31. Rxg7+ Kxg7 32. Nf5+ Kf6 33. Nxe7 Kxe7
34. Rxf4 exf4 35. Qxf4 Bb6 36. d4 a3 37. e5 dxe5 38. Qxe5+ Kd7 39. Qf5+ Ke7 40.
Ba2 a5 41. b5 Rad8 42. Qe5+ Kd7 43. c4 Kc8 44. c5 Ba7 45. Qf6 Bb8 46. Kg2 Rg8+
47. Kf1 Rh8 48. Bxf7 Rhf8 49. Qa6+ Kd7 50. Qe6# 1-0

[Event "4NCL Division 3 South"]
[Site "Milton Keynes, ENG"]
[Date "2022.03.27"]
[Round "6.112"]
[White "Filby, Ted"]
[Black "Dhemrait, Jagdeep"]
[Result "1-0"]
[WhiteElo "1894"]
[BlackElo "1806"]
[PlyCount "109"]
[EventDate "2022.03.27"]
[WhiteTeam "Sussex Martlets 3"]
[BlackTeam "Cambridge University 3"]

1. c4 e5 2. Nc3 Nf6 3. g3 Bc5 4. Bg2 d6 5. Nf3 Nc6 6. d3 h6 7. a3 a5 8. h3 Bf5
9. Rb1 Bg6 10. Nh4 Bh7 11. Qa4 Qd7 12. b4 Bb6 13. b5 Nd8 14. Qc2 Qe6 15. Na4
Nd7 16. Nxb6 cxb6 17. Bd5 Qe7 18. Bb2 O-O 19. O-O Nc5 20. a4 Nde6 21. Nf3 Kh8
22. Nd2 f5 23. Nf3 Ng5 24. Kh2 Nxf3+ 25. exf3 f4 26. Rbd1 Qg5 27. g4 Rae8 28.
Be4 Bxe4 29. dxe4 Rd8 30. Ba3 h5 31. Bxc5 bxc5 32. b6 Rf6 33. Qc3 Ra8 34. Kg2
Rh6 35. Rh1 Ra6 36. h4 Qe7 37. g5 Re6 38. Rb1 Qd8 39. Rb5 Qa8 40. Qd2 Kg8 41.
Rd1 Kf7 42. Qc3 Ke7 43. Rd3 Qd8 44. Rxa5 Qxb6 45. Rb5 Qc6 46. Qb3 b6 47. Rd1
Kf7 48. Rb1 Re8 49. Rxb6 Qxa4 50. Qd3 Rxb6 51. Rxb6 Rd8 52. Rxd6 Rxd6 53. Qxd6
Qxc4 54. g6+ Ke8 55. Qxe5+ 1-0

[Event "4NCL Division 3 South"]
[Site "Milton Keynes, ENG"]
[Date "2022.03.27"]
[Round "6.113"]
[White "Phillips, William"]
[Black "Woods, Timothy J"]
[Result "1/2-1/2"]
[WhiteElo "1820"]
[BlackElo "1626"]
[PlyCount "32"]
[EventDate "2022.03.27"]
[WhiteTeam "Cambridge University 3"]
[BlackTeam "Sussex Martlets 3"]

1. d4 d6 2. Nf3 g6 3. g3 Nf6 4. Bg2 Bg7 5. O-O O-O 6. c4 Nc6 7. Nc3 a6 8. b3
Rb8 9. Bb2 b5 10. cxb5 axb5 11. d5 Nb4 12. Nd4 Bd7 13. Rc1 e5 14. Nc6 Nxc6 15.
dxc6 Be6 16. Nd5 Nxd5 1/2-1/2

[Event "4NCL Division 3 South"]
[Site "Milton Keynes, ENG"]
[Date "2022.03.27"]
[Round "6.114"]
[White "Finn, Elizabeth"]
[Black "Breed, Greg J"]
[Result "1-0"]
[WhiteElo "1645"]
[BlackElo "1781"]
[PlyCount "111"]
[EventDate "2022.03.27"]
[WhiteTeam "Sussex Martlets 3"]
[BlackTeam "Cambridge University 3"]

1. d4 d5 2. c4 e6 3. Nf3 Nf6 4. Bg5 c6 5. e3 Nbd7 6. Nc3 Bb4 7. Bd3 dxc4 8.
Bxc4 Qa5 9. Bxf6 Bxc3+ 10. bxc3 Qxc3+ 11. Nd2 Nxf6 12. O-O O-O 13. Rc1 Qb4 14.
Nf3 Qe7 15. Qe2 b6 16. e4 Bb7 17. Bd3 g6 18. Qe3 Kg7 19. Ne5 Rac8 20. f4 Rfd8
21. f5 exf5 22. exf5 Qd6 23. fxg6 hxg6 24. Qg5 Rh8 25. Bxg6 Qxd4+ 26. Kh1 Qh4
27. Qxh4 Rxh4 28. Bxf7 c5 29. Rf5 Ng4 30. Nxg4 Rxg4 31. Bd5 Bxd5 32. Rxd5 Rf4
33. Rcd1 Rf7 34. Rg5+ Kf8 35. h4 c4 36. h5 c3 37. Rgd5 Kg7 38. g4 c2 39. Rc1
Kh6 40. Kg2 Rc3 41. Rd2 Rfc7 42. Rd4 Kg5 43. Kf2 Ra3 44. Ke2 Rxa2 45. Kd2 Rb2
46. Re4 b5 47. Kd3 b4 48. Ree1 b3 49. Rh1 Kh6 50. g5+ Kxg5 51. h6 Kg6 52. h7
Rxh7 53. Rcg1+ Kf5 54. Rxh7 Ra2 55. Kc3 a5 56. Kxb3 1-0

[Event "4NCL Division 3 South"]
[Site "Milton Keynes, ENG"]
[Date "2022.03.27"]
[Round "6.115"]
[White "Dhemrait, Surjit S"]
[Black "Blades, Kit"]
[Result "0-1"]
[WhiteElo "1522"]
[BlackElo "1462"]
[PlyCount "135"]
[EventDate "2022.03.27"]
[WhiteTeam "Cambridge University 3"]
[BlackTeam "Sussex Martlets 3"]

1. e4 c5 2. f4 d5 3. e5 Nc6 4. Nf3 e6 5. Be2 Nge7 6. O-O Nf5 7. Qe1 Be7 8. Bb5
Bd7 9. Nc3 Ncd4 10. Bxd7+ Qxd7 11. Nxd4 Nxd4 12. Qd1 c4 13. Ne2 Nf5 14. d4 cxd3
15. Qxd3 h5 16. Nd4 Nxd4 17. Qxd4 Rc8 18. Qd3 Qc7 19. c3 Qb6+ 20. Kh1 g6 21. b4
Qc6 22. Bd2 b6 23. a4 Qc4 24. Qxc4 Rxc4 25. b5 Kd7 26. a5 bxa5 27. Rxa5 Bc5 28.
Ra6 Rb8 29. Rb1 Bb6 30. h3 Rbc8 31. Kh2 Re4 32. Kg3 Re2 33. Be1 Rc4 34. Rba1
Bg1 35. R6a2 Re3+ 36. Kh4 Rxf4+ 37. g4 hxg4 38. Rxa7+ Kc8 39. R7a6 Kb7 40. Ra7+
Kb6 41. R7a6+ Kxb5 42. c4+ Kc5 43. R6a5+ Kd4 44. Bg3 g5+ 45. Kxg5 Rf5+ 46. Kh4
Bf2 47. Rd1+ Kxc4 48. Bxf2 Rxf2 49. Ra4+ Kb5 50. Rxg4 Rff3 51. Rb1+ Kc5 52.
Rc1+ Rc3 53. Rh1 d4 54. Rg8 Kd5 55. Rg2 Kxe5 56. Re1+ Rce3 57. Rxe3+ Rxe3 58.
Kg4 f5+ 59. Kh4 d3 60. Ra2 Ke4 61. Ra4+ Kf3 62. Ra3 Re4+ 63. Kg5 Ke2 64. h4 d2
65. Ra2 Ke1 66. Rxd2 Kxd2 67. h5 Ra4 68. h6 0-1

[Event "4NCL Division 3 South"]
[Site "Milton Keynes, ENG"]
[Date "2022.03.27"]
[Round "6.116"]
[White "Filby, Bill"]
[Black "Nettleton, Robin"]
[Result "1-0"]
[WhiteElo "1400"]
[BlackElo "1334"]
[PlyCount "88"]
[EventDate "2022.03.27"]
[WhiteTeam "Sussex Martlets 3"]
[BlackTeam "Cambridge University 3"]

1. c4 g6 2. Nc3 Bg7 3. g3 Nf6 4. Bg2 O-O 5. d3 c6 6. e4 d6 7. Nf3 e5 8. O-O Na6
9. a3 Re8 10. b4 Nc7 11. Be3 Bg4 12. h3 Bxf3 13. Qxf3 Ne6 14. Ne2 Nd7 15. Rfd1
Ng5 16. Bxg5 Qxg5 17. Kh2 Bh6 18. Rab1 Qf6 19. Rb2 Qxf3 20. Bxf3 c5 21. Nc3 a6
22. Nd5 Rac8 23. Bg4 Re6 24. Bxe6 fxe6 25. Ne7+ Kf7 26. Nxc8 Bf8 27. a4 Nb8 28.
a5 Nc6 29. Nb6 Nxb4 30. Na4 Be7 31. Rxb4 cxb4 32. Rb1 d5 33. exd5 exd5 34. cxd5
Bd6 35. Rc1 Ke7 36. Kg2 Kd7 37. Nb6+ Ke7 38. Nc8+ Kd7 39. Nxd6 Kxd6 40. Rb1 Kc5
41. Kf3 b6 42. axb6 Kxb6 43. Rxb4+ Kc5 44. Ke4 Kxb4 1-0

[Event "4NCL Division 3 South"]
[Site "Milton Keynes, ENG"]
[Date "2022.03.27"]
[Round "6.121"]
[White "Eastham, Rory"]
[Black "Tucker, David S"]
[Result "0-1"]
[WhiteElo "1500"]
[BlackElo "1912"]
[PlyCount "71"]
[EventDate "2022.03.27"]
[WhiteTeam "Celtic Tigers 3"]
[BlackTeam "War and Piece A"]

1. e4 c5 2. Nf3 Nc6 3. Bb5 e6 4. O-O Nge7 5. c3 a6 6. Bxc6 Nxc6 7. d4 d5 8. e5
b6 9. Re1 Be7 10. h3 Bd7 11. Bf4 h6 12. Nbd2 Rc8 13. Rc1 cxd4 14. cxd4 Nb4 15.
Qb3 a5 16. Rxc8 Qxc8 17. a3 a4 18. Qc3 Qxc3 19. bxc3 Nd3 20. Be3 Nxe1 21. Nxe1
Bxa3 22. c4 Bb4 23. Nc2 Bxd2 24. Bxd2 dxc4 25. Bb4 Bc6 26. f3 Kd7 27. Kf2 Bd5
28. Ke3 Rc8 29. Kd2 g5 30. Kc3 h5 31. Ne3 Ra8 32. Kb2 b5 33. Ka3 Rc8 34. Kb2
c3+ 35. Bxc3 a3+ 36. Kc2 0-1

[Event "4NCL Division 3 South"]
[Site "Milton Keynes, ENG"]
[Date "2022.03.27"]
[Round "6.122"]
[White "Foulds, Andrew"]
[Black "Rigby, Charles"]
[Result "1-0"]
[WhiteElo "1819"]
[BlackElo "1410"]
[PlyCount "157"]
[EventDate "2022.03.27"]
[WhiteTeam "War and Piece A"]
[BlackTeam "Celtic Tigers 3"]

1. d4 d5 2. c4 c6 3. Nc3 Nf6 4. Bg5 e6 5. e3 Nbd7 6. cxd5 exd5 7. Nf3 Bd6 8.
Bd3 O-O 9. O-O Re8 10. Qc2 Be7 11. Rae1 Nf8 12. Ne5 Ng4 13. Bxe7 Qxe7 14. Nxg4
Bxg4 15. f3 Bh5 16. Qf2 Qf6 17. e4 Bg6 18. e5 Qe6 19. Bxg6 Qxg6 20. f4 f5 21.
Re3 Ne6 22. Rg3 Qf7 23. Ne2 Kf8 24. Rh3 g6 25. Rh6 Re7 26. Qe3 Ke8 27. Rf3 Kd7
28. b4 a6 29. Qb3 Qf8 30. Rfh3 Qg8 31. Rg3 Rg7 32. Qe3 Qf7 33. Rhh3 Qe7 34. a3
Rag8 35. Qc1 Rh8 36. Qd2 Ra8 37. a4 Rgg8 38. Rb3 Rgc8 39. Rhc3 Ke8 40. Qc1 Qd7
41. Qc2 Kd8 42. Rb1 Ke8 43. Rc1 Kd8 44. Qd1 Qe7 45. Rb1 Qd7 46. Ra3 Qe7 47. Qd3
Qd7 48. Qh3 Qe7 49. Rab3 Rc7 50. Qf3 Qd7 51. Qd3 Rb8 52. Ra1 Ra8 53. Qd2 Rcc8
54. Qe3 Ke8 55. Nc3 Kd8 56. a5 Qe7 57. Na4 Rc7 58. Rab1 Rb8 59. Nc5 b6 60. Nxa6
Rbb7 61. Nxc7 Qxc7 62. a6 Ra7 63. Ra3 b5 64. g3 Qb6 65. Rc1 Rxa6 66. Rxa6 Qxa6
67. Qc3 Kd7 68. Ra1 Qb6 69. Rd1 Qa7 70. Kg2 Qa2+ 71. Rd2 Qa7 72. Kf3 Qa8 73.
Re2 Qc8 74. Ra2 Qb7 75. Ke3 h5 76. Qa3 Kc7 77. Qa7 Nd8 78. Qc5 Kd7 79. Ra7 1-0

[Event "4NCL Division 3 South"]
[Site "Milton Keynes, ENG"]
[Date "2022.03.27"]
[Round "6.123"]
[White "Royce, Alexander"]
[Black "Morrison, Munroe L"]
[Result "0-1"]
[WhiteElo "1141"]
[BlackElo "1707"]
[PlyCount "108"]
[EventDate "2022.03.27"]
[WhiteTeam "Celtic Tigers 3"]
[BlackTeam "War and Piece A"]

1. d4 Nf6 2. Bf4 e6 3. Nf3 d5 4. e3 c5 5. c3 Nc6 6. Nbd2 Be7 7. Be2 O-O 8. O-O
Nh5 9. Bg3 cxd4 10. exd4 Nxg3 11. fxg3 f6 12. Rc1 e5 13. Qc2 Be6 14. Bb5 e4 15.
Ne1 Rc8 16. Qd1 a6 17. Ba4 b5 18. Bb3 Qd7 19. a4 Bg4 20. Qc2 Nxd4 21. Qb1 Ne2+
22. Kh1 Nxc1 23. Qxc1 bxa4 24. Ba2 Kh8 25. Nc2 Bc5 26. Qe1 Rfe8 27. Ne3 Be6 28.
Qe2 d4 29. cxd4 Qxd4 30. Bxe6 Rxe6 31. Qg4 Rce8 32. Nf5 Qd7 33. Rd1 Qf7 34. h3
Qg6 35. Qf4 Qg5 36. h4 Qxf4 37. gxf4 e3 38. Nf3 e2 39. Rc1 e1=Q+ 40. Nxe1 Rxe1+
41. Rxe1 Rxe1+ 42. Kh2 Re2 43. Ng3 Rxb2 44. Ne4 Bb4 45. Nxf6 gxf6 46. f5 a3 47.
h5 a2 48. h6 a1=Q 49. Kh3 Qh1+ 50. Kg3 Qxg2+ 51. Kf4 Bd6+ 52. Ke3 Rb4 53. Kd3
Rh4 54. Kc3 Qg3+ 0-1

[Event "4NCL Division 3 South"]
[Site "Milton Keynes, ENG"]
[Date "2022.03.27"]
[Round "6.124"]
[White "O'Byrne, Daniel"]
[Black "Osseiran, Nadim"]
[Result "1-0"]
[WhiteElo "1671"]
[BlackElo "1189"]
[PlyCount "95"]
[EventDate "2022.03.27"]
[WhiteTeam "War and Piece A"]
[BlackTeam "Celtic Tigers 3"]

1. d4 f5 2. c4 Nf6 3. Nc3 e6 4. g3 Bb4 5. a3 Bxc3+ 6. bxc3 b6 7. Bg2 Ne4 8. Qc2
Bb7 9. Nf3 O-O 10. O-O d6 11. Nd2 d5 12. cxd5 exd5 13. Nxe4 fxe4 14. a4 a5 15.
Qb3 Nd7 16. Bxe4 Nf6 17. Bg5 Qd6 18. Bf4 Qe6 19. Bd3 Kh8 20. Qc2 Qh3 21. f3 Bc8
22. Bxc7 Bd7 23. Rf2 Ng4 24. e4 Nxf2 25. Qxf2 Bg4 26. f4 dxe4 27. Bxe4 Rae8 28.
Be5 Kg8 29. Bd5+ Be6 30. Bf3 Qf5 31. Qe2 Rc8 32. d5 Bd7 33. Be4 Qh3 34. Qe3 Rc4
35. Bc2 Rfc8 36. Bb3 Rxc3 37. Bxc3 Re8 38. Be5 Rc8 39. Rc1 Qg4 40. Rxc8+ Bxc8
41. d6+ Kf8 42. Qxb6 Qd7 43. Bd5 g5 44. Bc6 Qg4 45. Qd8+ Kf7 46. Be8+ Ke6 47.
Qxc8+ Kd5 48. Qxg4 1-0

[Event "4NCL Division 3 South"]
[Site "Milton Keynes, ENG"]
[Date "2022.03.27"]
[Round "6.131"]
[White "Donaghay, Richard H"]
[Black "Nelder, Allan"]
[Result "1-0"]
[WhiteElo "1814"]
[BlackElo "1627"]
[PlyCount "49"]
[EventDate "2022.03.27"]
[WhiteTeam "Iceni 3"]
[BlackTeam "War and Piece B"]

1. e4 d6 2. d4 Nf6 3. Nc3 g6 4. Bg5 Bg7 5. Bd3 c6 6. Qd2 h5 7. h3 Qc7 8. Nf3
Nbd7 9. O-O-O e5 10. Kb1 b5 11. dxe5 dxe5 12. Bxb5 cxb5 13. Nxb5 Qc6 14. Nd6+
Ke7 15. Qb4 Qc5 16. Qb3 Rf8 17. Rd5 Qxf2 18. Rhd1 Rb8 19. Nxc8+ Rbxc8 20. Rxd7+
Ke8 21. R7d2 Qc5 22. Qa4+ Qc6 23. Rd8+ Ke7 24. Qb4+ Qc5 25. Qb7+ 1-0

[Event "4NCL Division 3 South"]
[Site "Milton Keynes, ENG"]
[Date "2022.03.27"]
[Round "6.132"]
[White "Rose, David"]
[Black "Feavyour, John A"]
[Result "0-1"]
[WhiteElo "1514"]
[BlackElo "1855"]
[PlyCount "72"]
[EventDate "2022.03.27"]
[WhiteTeam "War and Piece B"]
[BlackTeam "Iceni 3"]

1. c4 Nf6 2. Nc3 g6 3. g3 Bg7 4. Bg2 O-O 5. d3 c5 6. e4 d6 7. Nge2 Nc6 8. Be3
Ng4 9. O-O Nxe3 10. fxe3 Bh6 11. Nf4 Ne5 12. h3 Rb8 13. b3 Bd7 14. d4 Nc6 15.
a3 Bg7 16. Nce2 b5 17. Rb1 bxc4 18. bxc4 Rxb1 19. Qxb1 cxd4 20. exd4 Nxd4 21.
Nxd4 Bxd4+ 22. Kh1 e6 23. Nd3 Qc7 24. Qa2 Rb8 25. Nb4 Rb6 26. Rd1 Be5 27. Nd3
Bg7 28. Rc1 Bh6 29. Rf1 Bg7 30. Rc1 Qb8 31. Qf2 Rb3 32. Rf1 Be8 33. Nb4 Rxa3
34. Nc6 Qc7 35. Nb4 Be5 36. Nd3 Bxg3 0-1

[Event "4NCL Division 3 South"]
[Site "Milton Keynes, ENG"]
[Date "2022.03.27"]
[Round "6.133"]
[White "Lovell, Steve"]
[Black "Charles, Steven R"]
[Result "1-0"]
[WhiteElo "1808"]
[BlackElo "1242"]
[PlyCount "79"]
[EventDate "2022.03.27"]
[WhiteTeam "Iceni 3"]
[BlackTeam "War and Piece B"]

1. e4 c6 2. d4 d5 3. f3 dxe4 4. fxe4 e6 5. Nf3 Nf6 6. e5 Nd5 7. Bd3 c5 8. c3
Nc6 9. O-O cxd4 10. cxd4 Qb6 11. Kh1 Be7 12. Nc3 a6 13. Rb1 Qd8 14. a3 b5 15.
Ne4 h6 16. Bc2 Bb7 17. Qd3 Na5 18. Nc5 Bxc5 19. dxc5 Bc6 20. Nd4 Qc7 21. b4 Nc4
22. Nxc6 Qxc6 23. Qe4 Qc7 24. Re1 O-O-O 25. Ra1 Nc3 26. Qa8+ Kd7 27. Qf3 Nd5
28. Qxf7+ Kc8 29. Qxe6+ Kb7 30. Be4 Rhe8 31. Bxd5+ Rxd5 32. Qxd5+ Kb8 33. Bf4
Kc8 34. Qa8+ Qb8 35. Qxa6+ Qb7 36. Qxb7+ Kxb7 37. a4 bxa4 38. Rxa4 Nb2 39. Ra3
Nc4 40. Rc3 1-0

[Event "4NCL Division 3 South"]
[Site "Milton Keynes, ENG"]
[Date "2022.03.27"]
[Round "6.134"]
[White "Brewer, Sam"]
[Black "Kent, Rowan"]
[Result "0-1"]
[WhiteElo "1150"]
[BlackElo "1533"]
[PlyCount "90"]
[EventDate "2022.03.27"]
[WhiteTeam "War and Piece B"]
[BlackTeam "Iceni 3"]

1. e4 e5 2. Nf3 Nc6 3. Bc4 Bc5 4. c3 Nf6 5. d3 O-O 6. Bg5 Be7 7. Nbd2 d6 8. h3
Be6 9. Bb3 d5 10. O-O Re8 11. Re1 dxe4 12. Nxe4 Nxe4 13. Bxe7 Rxe7 14. Rxe4
Bxb3 15. axb3 Qd6 16. b4 f6 17. Qb3+ Kh8 18. d4 exd4 19. Rxe7 Qxe7 20. Nxd4
Nxd4 21. cxd4 a6 22. d5 Qd6 23. b5 a5 24. Qc4 Kg8 25. b4 a4 26. Qc5 a3 27. Ra2
Qxc5 28. bxc5 b6 29. cxb6 cxb6 30. d6 Kf7 31. d7 Ke7 32. Kf1 Kxd7 33. Ke2 Kd6
34. Kd3 Kc5 35. Kc3 Kxb5 36. Kb3 Kc5 37. Rxa3 Rxa3+ 38. Kxa3 Kd4 39. Kb4 Kd3
40. Kb5 Ke2 41. f4 Kf2 42. g4 Kg3 43. f5 Kxh3 44. Kxb6 Kxg4 45. Kc6 Kxf5 0-1